| 000 | 01105cam a2200277 a 4500 | ||
|---|---|---|---|
| 999 |
_c9249 _d9249 |
||
| 001 | 11819874 | ||
| 003 | OSt | ||
| 005 | 20210111150616.0 | ||
| 008 | 991026s2000 miu b 000 0 eng | ||
| 010 | _a 99055498 | ||
| 020 | _a080106192X (paper) | ||
| 040 |
_aDLC _cDLC _dDLC |
||
| 050 | 0 | 0 |
_aBV4909 _b.S545 2000 |
| 082 | 0 | 0 |
_a248.8/6 _221 |
| 100 | 1 | _aSkoglund, Elizabeth. | |
| 245 | 1 | 0 |
_aBright days, dark nights / _cElizabeth Ruth Skoglund ; with Charles Spurgeon ; foreword by Ken Connolly. |
| 260 |
_aGrand Rapids, Mich. : _bBaker Books, _cc2000. |
||
| 300 |
_a222 p. ; _c23 cm. |
||
| 500 | _a"In triumph over emotional pain." | ||
| 504 | _aIncludes bibliographical references (p. 215-222). | ||
| 600 | 1 | 0 |
_aSpurgeon, C. H. _q(Charles Haddon), _d1834-1892. |
| 650 | 0 |
_aSuffering _xReligious aspects _xChristianity. |
|
| 906 |
_a7 _bcbc _corignew _d1 _eocip _f19 _gy-gencatlg |
||
| 942 |
_2ddc _cBK |
||